Statistics for All-Time Indian Premier League Cricket XI

Click here to take the quiz!

General Stats

  • This quiz has been taken 657 times
  • The average score is 8 of 11

Answer Stats

hintplayer% Correct
batsman, IndVirat Kohli
95%
opening bat, WIChris Gayle
94%
wicketkeeper, IndMS Dhoni
93%
opening bat, AusDavid Warner
89%
fast bowler, SLLasith Malinga
89%
batsman, SAAB de Villiers
78%
spin bowler, WISunil Narine
71%
all-rounder, WIDwayne Bravo
63%
batsman, IndSuresh Raina
60%
all-rounder, AusShane Watson
56%
fast bowler, IndBhuvneshwar Kumar
42%

Score Distribution

Percentile by Number Answered

Percent of People with Each Score

Your Score History

You have not taken this quiz